The effect of family problems on students /
Saved in:
| Main Author: | |
|---|---|
| Format: | Thesis |
| Language: | English |
| Subjects: | |
| Tags: |
Add Tag
No Tags, Be the first to tag this record!
|
| LEADER | 010500000a22002410004500 | ||
|---|---|---|---|
| 008 | 180111t2004 ilu g m 000 0 eng d | ||
| 040 | |a UIAM |b eng |e rda | ||
| 050 | 0 | |a LC191 | |
| 100 | 1 | |a Altalib, Omar Hisham, |e author | |
| 245 | 1 | 4 | |a The effect of family problems on students / |c Omar AlTalib |
| 300 | |a xiii, 185 pages ; |c 30 cm. | ||
| 336 | |2 rdacontent |a text | ||
| 337 | |2 rdamedia |a unmediated | ||
| 338 | |2 rdacarrier |a volume | ||
| 502 | |a Thesis (Ph.D)--The University of Chicago,2004. | ||
| 504 | |a Includes bibliographical references (leaves 178-185). | ||
| 596 | |a 1 | ||
| 655 | 0 | 7 | |a Theses, non-IIUM |
| 710 | 1 | |a University of Chicago. |b Department of Sociology, |e publisher, issuing body | |
| 900 | |a oc-zi-nhe-ajt-naw | ||
| 999 | |c 439890 |d 471252 | ||
| 952 | |0 0 |6 TI LC 000191 A465E 2004 |7 0 |8 THESES |9 763155 |a IIUM |b IIUM |c MULTIMEDIA |g 0.00 |o ti LC 191 A465E 2004 |p 11100379581 |r 2018-01-29 |t 1 |v 0.00 |y THESIS | ||
| 952 | |0 0 |6 TI LC 000191 A465E 2004 |7 0 |8 THESES |9 764222 |a IIUM |b IIUM |c MULTIMEDIA |g 0.00 |o ti LC 191 A465E 2004 |p 11100379582 |r 2018-01-29 |t 1 |v 0.00 |y THESIS | ||
